Loga gier komputerowych - Statystyki

Ogólne statystyki
  • Ten quiz został rozwiązany 13 331 razy
  • Średni wynik to 11 z 20
Statystyki odpowiedzi
Obrazkowy Hint Odpowiedź % Poprawnych
Gra Minecraft
99%
Marka konsoli Play Station
98%
Marka konsoli XBox
97%
Gra Roblox
72%
Gra Candy Crush
67%
Gra Rocket League
65%
Gra Doom
64%
Gra Overwatch
58%
Gra The Legend of Zelda:
Breath of the Wild
58%
Gra Mortal Kombat
55%
Gra Skyrim
52%
Gra Clash of Clans
48%
Gra Half-Life
47%
Firma Sega
47%
Gra Fortnite
42%
Firma Atari
35%
Konkretna konsola Nintendo 64
18%
Gra Donkey Kong
15%
Gra Gears of War
15%
Gra Ms. Pac-Man
12%
Nie znaleziono quizów pasujących do podanych kryteriów
Rozkład punktacji
Procent ludzi z każdym wynikiem
Percentyl według liczby udzielonych odpowiedzi
Twoja historia wyników
Nie rozwiązałeś tego quizu